01781nam a2200265 a 4500001001000000005001700010008004100027041000800068044000800076084002100084100004500105245017500150260004200325300001700367500070200384500011101086500001101197546002401208650005201232650005601284650003401340650004501374700004601419740005001465BRCA_336120190320204237.0260309s1895----enk#---###---#000-0#eng-# aeng aenk a655b.B533c18951 aCervantes Saavedra, Miguel ded1547-161610aThe Ingenious Gentleman Don Quixote of la ManchacBy Miguel de Cervantes Saavedra; A New Edition with Notes Original and Selected done into English by Henry Edward Watts. aLondresbAdam and Charles Blackc1895 a4 v.c22 cm. aContenido : v.1. Primera parte. Prefacio e introducción del traductor. Dedicatoria y prólogo de Cervantes. Versos preliminares. Notas. Apéndices: A. Libros de caballería B. Historia de Amadís C. La familia de Amadís D. El paso honroso de Suero de Quiñones E. Dulcinea del Toboso F. La Mancha. -- v.2. Primera parte. Texto. Apéndices: A. El mito de Rolando B. El Cid. -- v.3. Segunda parte. Introducción del traductor. Aprobación de Márquez Torres. Dedicatoria y prólogo de Cervantes. Apéndices: A. El encantador Merlín B. Refranes españoles C. Baladas españolas. -- v.4. Segunda parte. Texto. Apéndices: A. Cronología de Don Quijote B. Itinerario de Don Quijote aEjemplar por completo igual al anterior [654]. Tela; lomos y planos decorados con dorados Lúdovik Osterc aQM487A aTexto en : inglés14aNovela españolayÉpoca clásica, 1500-170014aLiteratura españolayÉpoca clásica, 1500-170014aNovela españolaySiglo XVII14aDon Quijote (Personaje ficticio)eNovela1 aWatts, Henry Edwardd1826-1904eTraductor0 aEl Ingenioso Hidalgo Don Quijote de la Mancha